Financial accounting : (Record no. 1261)
[ view plain ]
| 000 -LEADER | |
|---|---|
| fixed length control field | 00987cam a2200337 a 4500 |
| 003 - CONTROL NUMBER IDENTIFIER | |
| control field | OCoLC |
| 005 - DATE AND TIME OF LATEST TRANSACTION | |
| control field | 20210624124546.0 |
| 008 - FIXED-LENGTH DATA ELEMENTS--GENERAL INFORMATION | |
| fixed length control field | 020918s2003 onca b 001 0 eng |
| 020 ## - INTERNATIONAL STANDARD BOOK NUMBER | |
| International Standard Book Number | 0470832274 |
| 020 ## - INTERNATIONAL STANDARD BOOK NUMBER | |
| International Standard Book Number | 9780470832271 |
| 040 ## - CATALOGING SOURCE | |
| Transcribing agency | NLC |
| 049 ## - LOCAL HOLDINGS (OCLC) | |
| Holding library | JF0A |
| 050 ## - LIBRARY OF CONGRESS CALL NUMBER | |
| Classification number | HF5635 |
| Item number | .H68 2002 |
| 055 01 - CLASSIFICATION NUMBERS ASSIGNED IN CANADA | |
| Classification number | HF5635 |
| 055 #0 - CLASSIFICATION NUMBERS ASSIGNED IN CANADA | |
| Classification number | HF5635 |
| Item number | .H68 2002 |
| 055 00 - CLASSIFICATION NUMBERS ASSIGNED IN CANADA | |
| Classification number | HF5635 |
| Item number | H68 2003 fol. |
| 090 ## - LOCALLY ASSIGNED LC-TYPE CALL NUMBER (OCLC); LOCAL CALL NUMBER (RLIN) | |
| Classification number (OCLC) (R) ; Classification number, CALL (RLIN) (NR) | HF5635 |
| Local cutter number (OCLC) ; Book number/undivided call number, CALL (RLIN) | .H68 2003 |
| 100 1# - MAIN ENTRY--PERSONAL NAME | |
| Personal name | Hoskin, Robert E., |
| Dates associated with a name | 1949- |
| 245 10 - TITLE STATEMENT | |
| Title | Financial accounting : |
| Remainder of title | a user perspective / |
| Statement of responsibility, etc. | Robert E. Hoskin, Maureen R. Fizzell. |
| 250 ## - EDITION STATEMENT | |
| Edition statement | 3rd Canadian ed. |
| 260 ## - PUBLICATION, DISTRIBUTION, ETC. | |
| Place of publication, distribution, etc. | Toronto : |
| Name of publisher, distributor, etc. | J. Wiley & Sons Canada, |
| Date of publication, distribution, etc. | c2003. |
| 300 ## - PHYSICAL DESCRIPTION | |
| Extent | xxiii, 765, 54, 45 p. : |
| Other physical details | col. ill. ; |
| Dimensions | 26 cm. + |
| Accompanying material | 1 CD-ROM (4 3/4 in.) |
| 500 ## - GENERAL NOTE | |
| General note | Includes index. |
| 650 #0 - SUBJECT ADDED ENTRY--TOPICAL TERM | |
| Topical term or geographic name entry element | Accounting. |
| 650 #6 - SUBJECT ADDED ENTRY--TOPICAL TERM | |
| Topical term or geographic name entry element | Comptabilité. |
| 700 1# - ADDED ENTRY--PERSONAL NAME | |
| Personal name | Fizzell, Maureen. |
| 942 ## - ADDED ENTRY ELEMENTS (KOHA) | |
| Source of classification or shelving scheme | |
| Koha item type | Book |
| Suppress in OPAC | MM |
| Withdrawn status | Lost status | Source of classification or shelving scheme | Damaged status | Not for loan | Permanent Location | Current Location | Shelving location | Date acquired | Total Checkouts | Full call number | Barcode | Date last seen | Price effective from | Koha item type | Public note |
|---|---|---|---|---|---|---|---|---|---|---|---|---|---|---|---|
| AU LIBRARY | AU LIBRARY | Open Shelf | 24.06.2021 | HF5635 .H68 2002 | 28000222 | 24.06.2021 | 24.06.2021 | Book | MM |